[Event "AUTO-ADV-1690"]
[Site "http://www.queenalice.com/game.php?id=840415"]
[Date "2010.10.1"]
[Round "2"]
[White "XaraX"]
[Black "Kalessin"]
[Result "1-0"]
[WhiteElo "1865"]
[BlackElo "1889"]

1. d4 d5 2. c4 dxc4 3. Nc3 a6 4. a4 Nc6 5. e3 e6 6. Bxc4 Nf6 7. Nf3 h6 8. O-O
Bd6 9. Re1 O-O 10. b3 Bb4 11. Bd2 Qe7 12. h3 b6 13. Bd3 1-0

[Event "AUTO-ADV-1690"]
[Site "http://www.queenalice.com/game.php?id=840416"]
[Date "2010.10.1"]
[Round "2"]
[White "Kalessin"]
[Black "XaraX"]
[Result "0-1"]
[WhiteElo "1872"]
[BlackElo "1882"]

1. e4 e5 2. Nf3 Nc6 3. Bb5 Nge7 4. Nc3 g6 5. O-O Bg7 6. a3 O-O 7. d3 a6 8. Bc4
b5 9. Bb3 d6 10. Nd5 Re8 11. Bd2 Be6 12. Nxe7+ Qxe7 0-1

[Event "AUTO-ADV-2435"]
[Site "http://www.queenalice.com/game.php?id=1037777"]
[Date "2012.3.10"]
[Round "1"]
[White "Shydo"]
[Black "Kalessin"]
[Result "1-0"]
[WhiteElo "1831"]
[BlackElo "1755"]

1. e4 c6 2. Nf3 e6 3. d4 d5 4. Bd3 c5 5. c3 Nc6 6. O-O g6 7. a3 c4 8. Bc2 Bg7 9.
e5 Nge7 10. Bg5 O-O 11. Qc1 f6 12. Bh6 Bxh6 13. Qxh6 fxe5 14. Ng5 Rf4 15. g3 Rf6
16. Qxh7+ Kf8 17. Qh8+ Ng8 18. Nh7+ Kf7 19. Ng5+ Ke7 20. Qg7+ Kd6 21. Nf7+ Rxf7
22. Qxf7 exd4 23. cxd4 g5 24. Nc3 Nxd4 25. Ba4 a6 26. Rad1 Nf5 27. Ne4+ Ke5 28.
Rfe1 Ngh6 29. Qh7 1-0

[Event "AUTO-ADV-2435"]
[Site "http://www.queenalice.com/game.php?id=1037778"]
[Date "2012.3.10"]
[Round "1"]
[White "Kalessin"]
[Black "Shydo"]
[Result "0-1"]
[WhiteElo "1767"]
[BlackElo "1879"]

1. e4 e5 2. Nf3 Nc6 3. Bc4 Nf6 4. d3 h6 5. Be3 Be7 6. Nc3 O-O 7. a3 a6 8. O-O d6
9. Nd5 b5 10. Nxe7+ Qxe7 11. Ba2 Bg4 12. h3 Bh5 13. g4 Nxg4 14. hxg4 Bxg4 15.
Kg2 Qf6 16. Bd5 Nd4 17. Bxd4 exd4 18. Bxa8 Rxa8 19. Rh1 Qf4 20. Qe2 Re8 21. c3
Re6 22. Rh3 Bxh3+ 23. Kxh3 Rg6 24. Nh4 Rg5 25. cxd4 g6 26. Qe3 Qg4+ 27. Kh2
Qxh4+ 28. Qh3 Qxf2+ 29. Kh1 Rh5 0-1

[Event "AUTO-ADV-2435"]
[Site "http://www.queenalice.com/game.php?id=1037791"]
[Date "2012.3.10"]
[Round "1"]
[White "betofortaleza"]
[Black "Kalessin"]
[Result "0-1"]
[WhiteElo "1899"]
[BlackElo "1748"]

1. e4 e5 2. Nf3 Nf6 3. Nxe5 d6 4. Nxf7 Kxf7 5. Bc4+ Ke8 6. d3 Nc6 7. Bg5 h6 8.
Bh4 g5 9. Bg3 Bg7 10. Nc3 h5 11. Nd5 h4 12. Nxf6+ Qxf6 13. O-O hxg3 14. fxg3 Qh6
15. h3 Bxh3 16. Qf3 Bd4+ 17. Rf2 Be6 18. Kf1 Bxf2 19. Bxe6 Qxe6 20. Ke2 Nd4+ 0-1

[Event "AUTO-ADV-2435"]
[Site "http://www.queenalice.com/game.php?id=1037792"]
[Date "2012.3.10"]
[Round "1"]
[White "Kalessin"]
[Black "betofortaleza"]
[Result "0-1"]
[WhiteElo "1770"]
[BlackElo "1891"]

1. e4 e5 2. Bc4 Nc6 3. Nc3 Bc5 4. Qg4 g6 5. Nd5 Nf6 6. Qf3 Nxd5 7. Bxd5 O-O 8.
Ne2 d6 9. d3 Qe7 10. Bh6 Re8 11. c3 Be6 12. b4 Bb6 13. a4 a5 14. b5 Nd8 15. h4
c6 16. Bc4 Bxc4 17. dxc4 Ne6 18. Ng3 Nf4 19. h5 Qe6 20. Nf5 gxf5 21. Qg3+ Ng6
22. hxg6 fxg6 23. exf5 Qxf5 24. Qh4 Bd8 25. Qg3 Bf6 26. O-O-O e4 27. Bf4 Be5 28.
Rh4 Rad8 29. Rdh1 Rd7 30. Kd2 d5 31. Bxe5 Rxe5 32. Rh5 e3+ 33. fxe3 dxc4+ 34.
Kc1 g5 35. bxc6 bxc6 36. e4 Qf6 37. Rh6 Qf8 38. Qxe5 Qa3+ 39. Kc2 Qa2+ 40. Kc1
Qd2+ 0-1

[Event "AUTO-ADV-2435"]
[Site "http://www.queenalice.com/game.php?id=1037799"]
[Date "2012.3.10"]
[Round "1"]
[White "ggg09"]
[Black "Kalessin"]
[Result "0-1"]
[WhiteElo "1826"]
[BlackElo "1765"]

1. e4 c5 2. Nf3 e6 3. d4 cxd4 4. Nxd4 a6 5. c4 Nf6 6. Nc3 Bb4 7. Bd3 Nc6 8. Bc2
O-O 9. Bd2 Nxd4 10. Ne2 Nxc2+ 11. Qxc2 Bxd2+ 12. Kxd2 Qa5+ 13. Nc3 b5 14. cxb5
axb5 15. a3 Bb7 16. f3 Rfc8 17. Qd3 d5 18. Ke2 b4 19. Nb1 Ba6 0-1

[Event "AUTO-ADV-2435"]
[Site "http://www.queenalice.com/game.php?id=1037800"]
[Date "2012.3.10"]
[Round "1"]
[White "Kalessin"]
[Black "ggg09"]
[Result "0-1"]
[WhiteElo "1783"]
[BlackElo "1773"]

1. d4 e6 2. e4 d5 3. e5 c5 4. c3 Nc6 5. Nf3 Bd7 6. Be3 Qb6 7. b3 cxd4 8. cxd4
Nge7 9. Bd3 Nf5 10. Bxf5 exf5 11. O-O Be7 12. Nc3 Be6 13. Qe2 O-O 14. Rac1 Rac8
15. Ng5 h6 16. Nxe6 fxe6 17. Na4 Qd8 18. Rc2 a6 19. Nc5 Bxc5 20. Rxc5 f4 21. Bd2
Nxd4 22. Rxc8 Nxe2+ 0-1

[Event "Challenge"]
[Site "http://www.queenalice.com/game.php?id=1039093"]
[Date "2012.3.14"]
[Round "-"]
[White "Kalessin"]
[Black "Phantom"]
[Result "1-0"]
[WhiteElo "1759"]
[BlackElo "1516"]

1. e4 e5 2. Nf3 f6 3. d4 d6 4. Bc4 Ne7 5. Nc3 b6 6. Be3 c5 7. dxe5 dxe5 8. Qe2
a6 9. Rd1 Qc7 10. a4 a5 11. Nb5 Qc6 12. Rd6 Qb7 13. Qd3 Nd7 14. Be6 g6 15. O-O
f5 16. Rd1 c4 17. Qxc4 Bg7 18. Nc7+ Kf8 19. Bf7 Ra7 20. Bxb6 Qxe4 21. Ne6+ Kxf7
22. Nd8+ 1-0